Normal view
MARC view
Entry Personal Name
001 - CONTROL NUMBER
- control field: 1146059
003 - CONTROL NUMBER IDENTIFIER
- control field: OSt
005 - DATE AND TIME OF LATEST TRANSACTION
- control field: 20260324113246.0
008 - FIXED-LENGTH DATA ELEMENTS
- fixed length control field: 260324|| aca||aabn | a|a d
040 ## - CATALOGING SOURCE
- Original cataloging agency: OSt
- Transcribing agency: OSt
100 ## - HEADING--PERSONAL NAME
- Personal name: William David Green; Anna L. Hegland; Sam Jermy
670 ## - SOURCE DATA FOUND
- Source citation: Work cat.: (OSt)1735611: William David Green; Anna L. Hegland; Sam Jermy, The Theatrical Legacy of Thomas Middleton, 1624–2024
